Lighted to lighten (Record no. 8996)

MARC details
000 -LEADER
fixed length control field 00397nam a22001457a 4500
003 - CONTROL NUMBER IDENTIFIER
control field GBCCL
005 - DATE AND TIME OF LATEST TRANSACTION
control field 20241126110703.0
008 - FIXED-LENGTH DATA ELEMENTS--GENERAL INFORMATION
fixed length control field 220215b ||||| |||| 00| 0 eng d
040 ## - CATALOGING SOURCE
Transcribing agency gbc
082 ## - DEWEY DECIMAL CLASSIFICATION NUMBER
Classification number 241
Item number ISS
245 ## - TITLE STATEMENT
Title Lighted to lighten
Statement of responsibility, etc. Joy Issac ; edited by Matthews Andrews
260 ## - PUBLICATION, DISTRIBUTION, ETC.
Place of publication, distribution, etc. Saikot, Manipur :
Name of publisher, distributor, etc. Joy Issac infant Jesus Ministry,
Date of publication, distribution, etc. 1994.
300 ## - PHYSICAL DESCRIPTION
Extent 41p. ;
942 ## - ADDED ENTRY ELEMENTS (KOHA)
Source of classification or shelving scheme Dewey Decimal Classification
Koha item type Books
Holdings
Withdrawn status Lost status Source of classification or shelving scheme Damaged status Not for loan Home library Current Library Shelving location Date acquired Total checkouts Full call number Barcode Date last seen Copy number Price effective from Koha item type
    Dewey Decimal Classification     GRACE BIBLE COLLEGE GRACE BIBLE COLLEGE Theology 2022-02-15   241 ISS 005398 2025-05-01 c.1 2022-02-15 Books
    Dewey Decimal Classification     GRACE BIBLE COLLEGE GRACE BIBLE COLLEGE Theology 2022-02-15   241 ISS 005422 2025-05-01 c.1 2022-02-15 Books
© Grace Bible College Library 2025